Noncommutative mathematics for quantum systems (Record no. 1211304)

MARC details
000 -LEADER
fixed length control field 01065nam a2200313Ia 4500
003 - CONTROL NUMBER IDENTIFIER
control field OSt
005 - DATE AND TIME OF LATEST TRANSACTION
control field 20221007123046.0
008 - FIXED-LENGTH DATA ELEMENTS--GENERAL INFORMATION
fixed length control field 221006b |||||||| |||| 00| 0 eng d
020 ## - INTERNATIONAL STANDARD BOOK NUMBER
International Standard Book Number 9781107148055 (hbk)
037 ## - SOURCE OF ACQUISITION
Terms of availability Textual
040 ## - CATALOGING SOURCE
Original cataloging agency PAPL
Transcribing agency PAPL
Language of cataloging eng
041 ## - LANGUAGE CODE
Source of code eng
Language code of text/sound track or separate title eng
100 ## - MAIN ENTRY--PERSONAL NAME
Personal name Franz Uwe
9 (RLIN) 716211
245 #0 - TITLE STATEMENT
Title Noncommutative mathematics for quantum systems
Remainder of title Skalski Adam
260 ## - PUBLICATION, DISTRIBUTION, ETC.
Place of publication, distribution, etc. Delhi
Name of publisher, distributor, etc. Cambridge University Press
Date of publication, distribution, etc. 2016
300 ## - PHYSICAL DESCRIPTION
Extent xviii,180p. ill.
Dimensions cm.
490 ## - SERIES STATEMENT
Series statement Cambridge - IISc series
500 ## - GENERAL NOTE
General note References 173-175p; Index 177-180p.
650 ## - SUBJECT ADDED ENTRY--TOPICAL TERM
Topical term or geographic name entry element Independence and levy processes
9 (RLIN) 716212
650 ## - SUBJECT ADDED ENTRY--TOPICAL TERM
Topical term or geographic name entry element Quantum dynamical systems
9 (RLIN) 716213
650 ## - SUBJECT ADDED ENTRY--TOPICAL TERM
Topical term or geographic name entry element Physics
700 ## - ADDED ENTRY--PERSONAL NAME
Personal name Skalski Adam
9 (RLIN) 716214
942 ## - ADDED ENTRY ELEMENTS (KOHA)
Classification part CN1:(B), Q6 Carpa
Koha item type Textual
Source of classification or shelving scheme Colon Classification (CC)
Holdings
Withdrawn status Lost status Source of classification or shelving scheme Damaged status Not for loan Home library Current library Date acquired Source of acquisition Total Checkouts Full call number Barcode Date last seen Price effective from Koha item type
    Colon Classification (CC)     Department of Physics and Astrophysics Library Department of Physics and Astrophysics Library 2022-10-07 4665, 02/02/2018, Ashutosh Technical Books   CN1:(B) Q6 Carpa PA0007414 2022-10-07 2022-10-07 Textual
Copyright @ Delhi University Library System